[Event "DEM U12/U12w 2000"]
[Site "Überlingen GER"]
[Date "2000.06.05"]
[Round "4"]
[White "Armbrust, Florian"]
[Black "Siebarth, Raiko"]
[Result "1-0"]
[Termination "normal"]
[Board "2"]
[WhiteElo "1747"]
[BlackElo "1488"]
[PlyCount "87"]
[WhiteFideId "4691350"]
[BlackFideId "4674766"]
[EventCountry "GER"]
[EventRounds "11"]
[EventType "swiss"]
[EventDate "2000.06.03"]

1. e4 c5 2. Nf3 d6 3. c3 Nf6 4. Be2 Nc6 5. d4 cxd4 6. cxd4 e6 7. Nc3 Be7 8. O-O
O-O 9. Be3 a6 10. Rc1 Qd7 11. Qd2 b5 12. Nxb5 Nxe4 13. Qc2 Nb4 14. Qxe4 Bb7 15.
d5 Nxd5 16. Na3 Nc3 17. Qc2 Nxa2 18. Rcd1 Nb4 19. Qd2 Nd5 20. Nc4 Rab8 21. Nd4
Ba8 22. Na5 Nxe3 23. fxe3 Rb6 24. Nc4 Rbb8 25. Nf3 d5 26. Nce5 Qa7 27. Nd4 Bg5
28. Rf3 Rb6 29. Bd3 f6 30. Rdf1 Rfb8 31. Qc2 Rxb2 32. Bxh7+ Kf8 33. Ng6+ Kf7
34. Nh8+ Ke7 35. Qg6 Bxe3+ 36. Rxe3 Qxd4 37. Qf7+ Kd6 38. Qxe6+ Kc5 39. Rc1+
Kb5 40. Bd3+ Kb4 41. Qd6+ Ka4 42. Ra1+ Ra2 43. Rxa2+ Kb3 44. Qa3# 1-0

[Event "DEM U12/U12w 2000"]
[Site "Überlingen GER"]
[Date "2000.06.05"]
[Round "4"]
[White "Mijatovic, Vladimir"]
[Black "Figura, Atila"]
[Result "0-1"]
[Termination "normal"]
[Board "3"]
[WhiteElo "1389"]
[BlackElo "1789"]
[PlyCount "51"]
[WhiteFideId "934062"]
[BlackFideId "4688058"]
[EventCountry "GER"]
[EventRounds "11"]
[EventType "swiss"]
[EventDate "2000.06.03"]

1. e4 c5 2. Nf3 e6 3. d4 cxd4 4. Nxd4 a6 5. c4 Nf6 6. Nc3 Bb4 7. f3 Qc7 8. Be3
Nc6 9. Qd3 Ne5 10. Qe2 b5 11. Bf4 Qxc4 12. Ndxb5 Qc5 13. Qf2 Qxf2+ 14. Kxf2
Neg4+ 15. Kg3 axb5 16. Nxb5 O-O 17. fxg4 Nxe4+ 18. Kf3 Bb7 19. Ke2 Rfc8 20. Nd4
g5 21. Be3 Rc7 22. a3 e5 23. Nb3 Rc2+ 24. Kd3 Rxb2 25. axb4 Rxb3+ 26. Kc4 0-1

[Event "DEM U12/U12w 2000"]
[Site "Überlingen GER"]
[Date "2000.06.05"]
[Round "4"]
[White "Behm, Simon"]
[Black "Henneberg, Olga"]
[Result "1-0"]
[Termination "normal"]
[Board "5"]
[WhiteElo "1712"]
[BlackElo "1273"]
[PlyCount "61"]
[WhiteFideId "4691962"]
[EventCountry "GER"]
[EventRounds "11"]
[EventType "swiss"]
[EventDate "2000.06.03"]

1. d4 Nf6 2. c4 g6 3. Nc3 d5 4. cxd5 Nxd5 5. e4 Nf6 6. Bc4 Nc6 7. Nge2 Bg7 8.
f3 Nd7 9. O-O O-O 10. Be3 a6 11. a4 Nb6 12. Ba2 Bd7 13. Rb1 Kh8 14. b4 f5 15.
e5 e6 16. a5 Nc8 17. f4 Qe7 18. d5 Nxb4 19. d6 cxd6 20. Rxb4 dxe5 21. Rxb7 Nd6
22. Bc5 Rfd8 23. Qxd6 Qxd6 24. Bxd6 Bc6 25. Re7 Rxd6 26. Rxe6 Rxe6 27. Bxe6 e4
28. Bd5 Bb5 29. Bxa8 Bxe2 30. Nxe2 Kg8 31. Rc1 1-0

[Event "DEM U12/U12w 2000"]
[Site "Überlingen GER"]
[Date "2000.06.05"]
[Round "4"]
[White "Feuerstack, Aljoscha"]
[Black "Schiwarth, Nino"]
[Result "1-0"]
[Termination "normal"]
[Board "6"]
[WhiteElo "1543"]
[BlackElo "1096"]
[PlyCount "57"]
[WhiteFideId "4681932"]
[EventCountry "GER"]
[EventRounds "11"]
[EventType "swiss"]
[EventDate "2000.06.03"]

1. e4 e5 2. d4 exd4 3. c3 Nc6 4. cxd4 Nge7 5. Nc3 d5 6. e5 a6 7. Nf3 Ng6 8. Bd3
Be7 9. h3 O-O 10. O-O Be6 11. Nh2 Qd7 12. f4 Nh4 13. Be3 Nxg2 14. Kxg2 Bxh3+
15. Kh1 Bxf1 16. Qxf1 Rfe8 17. Qg2 Rad8 18. f5 Kh8 19. Rg1 Rg8 20. Qh3 Nxe5 21.
dxe5 d4 22. e6 Qc6+ 23. Be4 Qd6 24. f6 g6 25. fxe7 Qxe7 26. Nd5 Rxd5 27. Bxd5
dxe3 28. Qxe3 Rd8 29. Qc3+ 1-0

[Event "DEM U12/U12w 2000"]
[Site "Überlingen GER"]
[Date "2000.06.05"]
[Round "4"]
[White "Kulakov, Yurij"]
[Black "Rehberg, Raphael"]
[Result "0-1"]
[Termination "normal"]
[Board "7"]
[WhiteElo "1338"]
[BlackElo "1483"]
[PlyCount "74"]
[BlackFideId "4686799"]
[EventCountry "GER"]
[EventRounds "11"]
[EventType "swiss"]
[EventDate "2000.06.03"]

1. e4 e5 2. Nf3 d6 3. d4 exd4 4. Nxd4 Nf6 5. Nc3 Be7 6. Bc4 O-O 7. O-O a6 8. f4
c5 9. Nf3 b5 10. Bd5 Nxd5 11. Nxd5 Bb7 12. b3 Bxd5 13. Qxd5 Nd7 14. Bb2 Nf6 15.
Qd3 d5 16. exd5 Qxd5 17. Qe3 Rfe8 18. Ng5 c4 19. Qg3 Bc5+ 20. Kh1 Re3 21. Nf3
c3 22. Bc1 Ne4 23. Qh4 Re2 24. h3 Bf2 25. Qe7 Ng3+ 26. Kh2 Nxf1+ 27. Kh1 Rxe7
28. Ba3 Rb7 29. Rxf1 b4 30. Bc1 Bg3 31. Ng5 Rd8 32. Nf3 Qd1 33. Rg1 Re7 34. a4
Qxg1+ 35. Nxg1 Rd1 36. Ba3 Ree1 37. Bb2 Rxg1# 0-1

[Event "DEM U12/U12w 2000"]
[Site "Überlingen GER"]
[Date "2000.06.05"]
[Round "4"]
[White "Blome, Thomas"]
[Black "Abel, Dennes"]
[Result "1/2-1/2"]
[Termination "normal"]
[Board "8"]
[WhiteElo "1465"]
[BlackElo "1348"]
[PlyCount "50"]
[BlackFideId "24605417"]
[EventCountry "GER"]
[EventRounds "11"]
[EventType "swiss"]
[EventDate "2000.06.03"]

1. Nf3 Nf6 2. g3 g6 3. Bg2 Bg7 4. O-O O-O 5. d3 d5 6. c3 c5 7. Nbd2 Nc6 8. e4
Bg4 9. Qc2 d4 10. c4 Nd7 11. h3 Bxf3 12. Nxf3 a6 13. a3 Rb8 14. Bd2 b5 15. b3
bxc4 16. bxc4 Qc7 17. Rab1 Nb6 18. Rb2 Rb7 19. Rfb1 Rfb8 20. Kf1 Nd7 21. Rxb7
Rxb7 22. Ke2 Qb8 23. Rxb7 Qxb7 24. h4 e5 25. Bh3 Ne7 1/2-1/2

[Event "DEM U12/U12w 2000"]
[Site "Überlingen GER"]
[Date "2000.06.05"]
[Round "4"]
[White "Rathke, Jens"]
[Black "Dück, Stefan"]
[Result "0-1"]
[Termination "normal"]
[Board "10"]
[WhiteElo "1257"]
[BlackElo "1740"]
[PlyCount "92"]
[BlackFideId "4681355"]
[EventCountry "GER"]
[EventRounds "11"]
[EventType "swiss"]
[EventDate "2000.06.03"]

1. d4 Nf6 2. c4 g6 3. Nc3 Bg7 4. e4 d6 5. f3 O-O 6. Bd3 Nc6 7. Be3 a6 8. a4 Nd7
9. Nge2 a5 10. Qc2 Nb4 11. Qd2 c5 12. dxc5 Nxc5 13. Bxc5 dxc5 14. Rd1 Be6 15.
O-O Nxd3 16. Qxd3 Qxd3 17. Rxd3 Bxc4 18. Rd2 Rfd8 19. Rfd1 Rxd2 20. Rxd2 Bxe2
21. Nxe2 Kf8 22. Kf2 Ke8 23. Nf4 Bh6 24. Rd5 Bxf4 25. Rxc5 Bd6 26. Rb5 b6 27.
h3 Kd7 28. Ke2 Rc8 29. Kd1 Rc6 30. Rd5 e6 31. Rd3 Kc7 32. Kd2 Bf4+ 33. Kd1 Rd6
34. Ke2 Rxd3 35. Kxd3 Kc6 36. Kc4 e5 37. b3 Bg3 38. b4 Be1 39. b5+ Kd6 40. g4
g5 41. Kb3 Kc5 42. Ka3 Kd4 43. Kb3 Bb4 44. Kc2 Ke3 45. Kb3 Kxf3 46. Kc4 Kxe4
0-1

[Event "DEM U12/U12w 2000"]
[Site "Überlingen GER"]
[Date "2000.06.05"]
[Round "4"]
[White "Nolting, Christoph"]
[Black "Brener, Ilja"]
[Result "0-1"]
[Termination "normal"]
[Board "12"]
[WhiteElo "1251"]
[BlackElo "1701"]
[PlyCount "74"]
[BlackFideId "4688201"]
[EventCountry "GER"]
[EventRounds "11"]
[EventType "swiss"]
[EventDate "2000.06.03"]

1. Nf3 d5 2. d4 Nf6 3. c4 c6 4. cxd5 cxd5 5. Nc3 Nc6 6. Bg5 e6 7. e3 Be7 8. Bd3
Qb6 9. Nb5 a6 10. Bxf6 gxf6 11. Qa4 Bd7 12. O-O Na7 13. Rac1 Nxb5 14. Qb3 Bd8
15. Rc5 Nd6 16. Nd2 f5 17. f3 Ke7 18. Qc2 Bc6 19. a4 Kd7 20. g4 Rg8 21. h3 Bf6
22. a5 Qd8 23. Kh1 f4 24. b4 fxe3 25. Nb3 Nb5 26. Bxb5 axb5 27. Rc1 Ke7 28. Ra1
Ra6 29. Re1 Qd6 30. Rxe3 h5 31. Qf2 Qf4 32. Rec3 hxg4 33. hxg4 Rh8+ 34. Kg1 Bh4
35. Qg2 Bg3 36. Rc2 Qe3+ 37. Kf1 Qe1# 0-1

[Event "DEM U12/U12w 2000"]
[Site "Überlingen GER"]
[Date "2000.06.05"]
[Round "4"]
[White "Bäumler, Ilja"]
[Black "Colloseus, Christian"]
[Result "1-0"]
[Termination "normal"]
[Board "13"]
[WhiteElo "1687"]
[BlackElo "1231"]
[PlyCount "113"]
[WhiteFideId "4681070"]
[EventCountry "GER"]
[EventRounds "11"]
[EventType "swiss"]
[EventDate "2000.06.03"]

1. e4 e5 2. Nf3 Nc6 3. Bc4 Bc5 4. c3 d6 5. b4 Bb6 6. a4 a6 7. Qb3 Qe7 8. d3 Be6
9. Bxe6 Qxe6 10. Nbd2 h6 11. Bb2 Nf6 12. O-O O-O 13. Rfe1 Rfe8 14. Qxe6 fxe6
15. Nc4 Ba7 16. b5 axb5 17. axb5 Ne7 18. Ba3 Ng4 19. b6 Bxb6 20. Nxb6 cxb6 21.
Bxd6 Nc6 22. h3 Rad8 23. Bc7 Rd7 24. Bxb6 Nf6 25. Re3 Nh5 26. g3 Rf8 27. Rb1
Rdf7 28. Kg2 Rf6 29. Rb2 g5 30. Bc7 R6f7 31. Bd6 Rc8 32. Nxe5 Nxe5 33. Bxe5 Nf6
34. c4 Nd7 35. Bd4 e5 36. Ba7 b6 37. Rf3 Ra8 38. Rxf7 Kxf7 39. Bxb6 Rb8 40. c5
Nxc5 41. Rc2 Nxd3 42. Bc7 Rb7 43. Rc3 Ke6 44. Rxd3 Rxc7 45. Ra3 Kd6 46. Ra6+
Rc6 47. Rxc6+ Kxc6 48. f4 gxf4 49. gxf4 exf4 50. Kf3 Kd6 51. Kxf4 Ke6 52. h4
Kf6 53. h5 Ke6 54. e5 Ke7 55. Kf5 Kf7 56. e6+ Ke7 57. Ke5 1-0

[Event "DEM U12/U12w 2000"]
[Site "Überlingen GER"]
[Date "2000.06.05"]
[Round "4"]
[White "Bayer, Marius"]
[Black "Boss, Igor"]
[Result "0-1"]
[Termination "normal"]
[Board "14"]
[WhiteElo "1234"]
[BlackElo "1540"]
[PlyCount "32"]
[EventCountry "GER"]
[EventRounds "11"]
[EventType "swiss"]
[EventDate "2000.06.03"]

1. e4 c5 2. Nf3 Nc6 3. d4 cxd4 4. Nxd4 g6 5. Nc3 Bg7 6. Be3 Nf6 7. f3 Qb6 8.
Rb1 Nxe4 9. Nxe4 Bxd4 10. Bxd4 Qxd4 11. Qxd4 Nxd4 12. c3 Nc6 13. Kf2 d6 14. Bd3
a6 15. Rhe1 Ne5 16. h3 Nxd3+ 0-1

[Event "DEM U12/U12w 2000"]
[Site "Überlingen GER"]
[Date "2000.06.05"]
[Round "4"]
[White "Scholtes, Benedikt"]
[Black "Ollenberger, Roland"]
[Result "1/2-1/2"]
[Termination "normal"]
[Board "15"]
[WhiteElo "1223"]
[BlackElo "1457"]
[PlyCount "53"]
[WhiteFideId "24675423"]
[BlackFideId "24608440"]
[EventCountry "GER"]
[EventRounds "11"]
[EventType "swiss"]
[EventDate "2000.06.03"]

1. c4 Nf6 2. d3 e6 3. a3 Be7 4. Nf3 O-O 5. g3 b6 6. Bg2 Bb7 7. e4 d5 8. cxd5
exd5 9. e5 Nfd7 10. d4 Re8 11. O-O c5 12. Nc3 cxd4 13. Qxd4 Bc5 14. Qf4 Nc6 15.
Re1 Nf8 16. Ng5 Qc7 17. Bxd5 Ne6 18. Qf5 Ncd4 19. Qxh7+ Kf8 20. Nxe6+ fxe6 21.
Re4 exd5 22. Rf4+ Ke7 23. Qxg7+ Kd8 24. Rf7 Be7 25. h4 Ne6 26. Qg4 Qc6 27. Qh3
1/2-1/2

[Event "DEM U12/U12w 2000"]
[Site "Überlingen GER"]
[Date "2000.06.05"]
[Round "4"]
[White "Krenz, Sarah"]
[Black "Babczyk, Adrian"]
[Result "0-1"]
[Termination "normal"]
[Board "16"]
[WhiteElo "1122"]
[BlackElo "1407"]
[PlyCount "98"]
[BlackFideId "24608700"]
[EventCountry "GER"]
[EventRounds "11"]
[EventType "swiss"]
[EventDate "2000.06.03"]

1. d4 Nf6 2. c4 c5 3. d5 b5 4. cxb5 a6 5. b6 d6 6. Nc3 Qxb6 7. e4 g6 8. Nf3 Bg7
9. Nd2 O-O 10. Nc4 Qc7 11. Be2 Nbd7 12. O-O Nb6 13. Qc2 Nxc4 14. Bxc4 a5 15. f3
Ba6 16. Bxa6 Rxa6 17. Be3 Rb8 18. Rab1 Nd7 19. Rfd1 Rab6 20. b3 Qb7 21. Rbc1
Rb4 22. Qe2 Nb6 23. Nb1 Nd7 24. Bd2 Bd4+ 25. Kf1 Rb5 26. Bc3 Bxc3 27. Nxc3 Rb4
28. Na4 Nb6 29. Nxb6 Qxb6 30. Rc4 Qb5 31. Rxb4 Qxe2+ 32. Kxe2 Rxb4 33. Rc1 a4
34. Rc4 Rxc4 35. bxc4 g5 36. g4 Kg7 37. Ke3 Kg6 38. f4 gxf4+ 39. Kxf4 Kf6 40.
a3 Kg6 41. h4 Kf6 42. Kf3 Ke5 43. Ke3 h6 44. Kd3 Kf4 45. h5 Kxg4 46. Ke3 Kxh5
47. Kf4 Kg6 48. Kg4 e6 49. e5 dxe5 0-1

[Event "DEM U12/U12w 2000"]
[Site "Überlingen GER"]
[Date "2000.06.05"]
[Round "4"]
[White "Lubbe, Alexander"]
[Black "Köhn, Kai-Uwe"]
[Result "1/2-1/2"]
[Termination "normal"]
[Board "17"]
[WhiteElo "1072"]
[BlackElo "1389"]
[PlyCount "65"]
[EventCountry "GER"]
[EventRounds "11"]
[EventType "swiss"]
[EventDate "2000.06.03"]

1. e4 d6 2. d4 Nf6 3. Nc3 g6 4. f4 Bg7 5. Nf3 c6 6. h3 O-O 7. Be2 Nbd7 8. O-O
Qc7 9. e5 Ne8 10. Be3 c5 11. Nd5 Qd8 12. Bf2 Nc7 13. Nc3 Ne6 14. Qd2 cxd4 15.
Bxd4 Nxd4 16. Nxd4 dxe5 17. Nf3 exf4 18. Kh1 Qb6 19. Nd5 Qd6 20. c3 Nb6 21.
Nxf4 Qxd2 22. Nxd2 Rd8 23. Rad1 Bf5 24. Nb3 Na4 25. Nd5 Kf8 26. Ne3 Nxb2 27.
Rxd8+ Rxd8 28. Nxf5 gxf5 29. Rxf5 Bxc3 30. Nc5 Rd6 31. Nxb7 Rf6 32. Rc5 Bd4 33.
Rc8+ 1/2-1/2

[Event "DEM U12/U12w 2000"]
[Site "Überlingen GER"]
[Date "2000.06.05"]
[Round "4"]
[White "Berner, Stephan"]
[Black "Cara, Bogdan"]
[Result "0-1"]
[Termination "normal"]
[Board "18"]
[WhiteElo "1076"]
[BlackElo "1376"]
[PlyCount "108"]
[WhiteFideId "24613126"]
[EventCountry "GER"]
[EventRounds "11"]
[EventType "swiss"]
[EventDate "2000.06.03"]

1. e4 e6 2. d4 d5 3. Nc3 Nf6 4. e5 Nfd7 5. Nf3 c5 6. Bf4 Nc6 7. Bb5 Qb6 8. O-O
cxd4 9. Bxc6 bxc6 10. Na4 Qb5 11. b3 c5 12. Rb1 Ba6 13. Nb2 Qb6 14. Nd3 Be7 15.
Re1 O-O 16. Qd2 Qc6 17. a3 Rab8 18. b4 Bxd3 19. cxd3 cxb4 20. axb4 Qc3 21. b5
Qxd2 22. Bxd2 Bc5 23. Rec1 Rfe8 24. Rb3 Rec8 25. Rcb1 Rc7 26. g3 Rcb7 27. Ba5
a6 28. b6 Kf8 29. Bb4 Bxb4 30. Rxb4 Rxb6 31. Rxb6 Rxb6 32. Rxb6 Nxb6 33. Nxd4
Ke8 34. Kf1 Kd7 35. Nb3 Kc7 36. Ke2 Nd7 37. d4 Kb6 38. Kd3 Kb5 39. Kc3 a5 40.
Nc1 Nb6 41. f4 Nc4 42. Kb3 Ne3 43. Ne2 a4+ 44. Ka2 Kb4 45. Kb2 a3+ 46. Ka2 Nc2
47. g4 Kc4 48. f5 Nxd4 49. Nxd4 Kxd4 50. Kxa3 Kxe5 51. fxe6 fxe6 52. Kb3 Kf4
53. h3 Kg3 54. Kc3 Kxh3 0-1

[Event "DEM U12/U12w 2000"]
[Site "Überlingen GER"]
[Date "2000.06.05"]
[Round "4"]
[White "Janiesch, Maike"]
[Black "Lieder, Konrad"]
[Result "0-1"]
[Termination "normal"]
[Board "20"]
[WhiteElo "465"]
[BlackElo "1323"]
[PlyCount "44"]
[BlackFideId "4692721"]
[EventCountry "GER"]
[EventRounds "11"]
[EventType "swiss"]
[EventDate "2000.06.03"]

1. e4 e5 2. Nf3 Nf6 3. Nc3 Nc6 4. Bc4 Nxe4 5. Qe2 Nxc3 6. dxc3 f6 7. Nd4 Bc5 8.
Nxc6 bxc6 9. b4 Bb6 10. O-O d5 11. Rd1 Qe7 12. Bb3 h5 13. a4 Bb7 14. b5 c5 15.
c4 d4 16. Bb2 O-O 17. c3 Qf7 18. Bc2 Rfe8 19. f3 f5 20. cxd4 cxd4 21. g4 d3+
22. Kf1 dxe2+ 0-1

[Event "DEM U12/U12w 2000"]
[Site "Überlingen GER"]
[Date "2000.06.05"]
[Round "4"]
[White "Rosenblatt, Marcus"]
[Black "Collmann, Jan"]
[Result "0-1"]
[Termination "normal"]
[Board "21"]
[WhiteElo "1298"]
[BlackElo "1076"]
[PlyCount "34"]
[WhiteFideId "24627453"]
[EventCountry "GER"]
[EventRounds "11"]
[EventType "swiss"]
[EventDate "2000.06.03"]

1. e4 e6 2. d4 d5 3. Nd2 Nf6 4. e5 Nfd7 5. c4 dxc4 6. Bxc4 Nb6 7. Ngf3 Bb4 8.
Qb3 Nc6 9. Bb5 Bxd2+ 10. Bxd2 Bd7 11. Rc1 O-O 12. Bg5 Nxd4 13. Nxd4 Qxg5 14.
O-O Qxe5 15. Nf3 Qxb5 16. Qe3 Qxb2 17. Rxc7 Nd5 0-1

[Event "DEM U12/U12w 2000"]
[Site "Überlingen GER"]
[Date "2000.06.05"]
[Round "4"]
[White "Herkt, Julia"]
[Black "Reiske, Anne"]
[Result "1/2-1/2"]
[Termination "normal"]
[Board "23"]
[WhiteElo "1015"]
[BlackElo "1337"]
[PlyCount "46"]
[BlackFideId "24635472"]
[EventCountry "GER"]
[EventRounds "11"]
[EventType "swiss"]
[EventDate "2000.06.03"]

1. d4 d5 2. c4 e6 3. Nc3 Nf6 4. Bg5 Nbd7 5. cxd5 exd5 6. e3 h6 7. Bh4 Be7 8.
Bxf6 Nxf6 9. Bd3 O-O 10. Qc2 Re8 11. Nge2 Bf8 12. O-O a5 13. Rac1 c6 14. Rfe1
Bb4 15. a3 Bxc3 16. bxc3 b6 17. c4 Ba6 18. Rb1 dxc4 19. Bxc4 Bxc4 20. Qxc4 Rc8
21. Rec1 Qc7 22. a4 Ne4 23. Rb2 Nd6 1/2-1/2

[Event "DEM U12/U12w 2000"]
[Site "Überlingen GER"]
[Date "2000.06.05"]
[Round "4"]
[White "Biller, Eugen"]
[Black "Hummel, Helmut"]
[Result "0-1"]
[Termination "normal"]
[Board "24"]
[WhiteElo "1273"]
[BlackElo "682"]
[PlyCount "78"]
[EventCountry "GER"]
[EventRounds "11"]
[EventType "swiss"]
[EventDate "2000.06.03"]

1. e4 e5 2. Nf3 Nc6 3. Bc4 Bc5 4. c3 Nf6 5. d4 exd4 6. cxd4 Bb4+ 7. Nc3 Nxe4 8.
O-O Nxc3 9. bxc3 Bxc3 10. Ba3 d6 11. Rc1 Ba5 12. d5 Ne7 13. Qd4 Nf5 14. Qg4 Qf6
15. Qe4+ Qe7 16. Qf4 O-O 17. Bd3 Qf6 18. Rc2 Bd7 19. Bb2 Qh6 20. Qc4 a6 21. Bc1
b5 22. Qb3 Qf6 23. Bb2 Qh6 24. Bc1 Qh5 25. Qa3 Bb6 26. Bb2 Qg4 27. Qc3 f6 28.
Re2 Rfe8 29. Rfe1 Nh4 30. Nxh4 Qxh4 31. g3 Qh5 32. Qb3 Kf8 33. Qc2 Ba5 34.
Rxe8+ Rxe8 35. Rxe8+ Bxe8 36. Qc1 Qxd5 37. Qe3 Bc6 38. Kf1 Qh1+ 39. Ke2 Qe1#
0-1

[Event "DEM U12/U12w 2000"]
[Site "Überlingen GER"]
[Date "2000.06.05"]
[Round "4"]
[White "Brehmer, Johann Hinrich"]
[Black "Andok, Claus Michael"]
[Result "1-0"]
[Termination "normal"]
[Board "25"]
[WhiteElo "941"]
[BlackElo "1217"]
[PlyCount "141"]
[BlackFideId "24602000"]
[EventCountry "GER"]
[EventRounds "11"]
[EventType "swiss"]
[EventDate "2000.06.03"]

1. d4 Nf6 2. c4 g6 3. Nc3 Bg7 4. e4 d6 5. Nf3 O-O 6. Bg5 h6 7. Bf4 Nh5 8. Be3
e5 9. dxe5 dxe5 10. Qxd8 Rxd8 11. Nd5 Na6 12. Be2 c6 13. Nc3 Be6 14. O-O Nf6
15. Rfd1 Ng4 16. Bd2 Rd7 17. h3 Nf6 18. Nxe5 Rdd8 19. Bf4 Nc5 20. f3 Nh5 21.
Bh2 g5 22. Ng4 Bd4+ 23. Kf1 Kh7 24. Be5 Bxg4 25. Bxd4 Ng3+ 26. Kf2 Nxe2 27.
Kxe2 Ne6 28. Be3 Bh5 29. Rxd8 Nxd8 30. Rd1 b6 31. Rd7 Ne6 32. Kf2 Kg8 33. Bd4
Kf8 34. Bf6 a6 35. Na4 b5 36. Nb6 Rb8 37. Ra7 Kg8 38. Rxa6 Nc7 39. Ra7 Ne8 40.
Nd7 Rc8 41. c5 Bg6 42. Ke3 Nxf6 43. Nxf6+ Kg7 44. Nd7 Kg8 45. b3 Kg7 46. e5 Bf5
47. g4 Bg6 48. e6 Re8 49. Kd4 Rxe6 50. Ne5 Kf6 51. Nd7+ Ke7 52. a4 bxa4 53.
bxa4 Kd8 54. Ne5 Ke8 55. a5 Bc2 56. Rc7 Bd1 57. a6 Kf8 58. a7 Re8 59. Rb7 Kg7
60. Rb8 Rxe5 61. Kxe5 f6+ 62. Kd4 Bxf3 63. a8=Q Bd5 64. Qb7+ Kg6 65. Qb1+ Kg7
66. Rb7+ Bf7 67. Qf5 h5 68. gxh5 g4 69. Qg6+ Kh8 70. Qxf7 gxh3 71. Qh7# 1-0

[Event "DEM U12/U12w 2000"]
[Site "Überlingen GER"]
[Date "2000.06.05"]
[Round "4"]
[White "Tischer, Jana"]
[Black "Lörincz, Benjamin"]
[Result "0-1"]
[Termination "normal"]
[Board "26"]
[WhiteElo "749"]
[BlackElo "1137"]
[PlyCount "66"]
[WhiteFideId "24617164"]
[EventCountry "GER"]
[EventRounds "11"]
[EventType "swiss"]
[EventDate "2000.06.03"]

1. e4 d5 2. exd5 Qxd5 3. Nc3 Qa5 4. Nf3 Bg4 5. Bc4 Nf6 6. d4 e6 7. O-O Bb4 8.
Ne2 Bxf3 9. gxf3 Qh5 10. Nf4 Qh4 11. Ng2 Qh5 12. Be2 Bd6 13. f4 Qh6 14. Kh1 g5
15. Qd2 Nd5 16. Qd3 Nc6 17. Qg3 O-O-O 18. fxg5 Qg7 19. Qg4 Nxd4 20. Be3 Nxc2
21. Rab1 Ncxe3 22. fxe3 Rdg8 23. Bc4 Qxg5 24. Qh3 Rg7 25. Rbd1 c6 26. e4 Nf4
27. Nxf4 Bxf4 28. Rg1 Qe5 29. Rxg7 Qxg7 30. Qf3 Rg8 31. Qf2 Be3 32. Qe2 Qg1+
33. Rxg1 Rxg1# 0-1

[Event "DEM U12/U12w 2000"]
[Site "Überlingen GER"]
[Date "2000.06.05"]
[Round "4"]
[White "Stemmler, Lysan"]
[Black "Klaiber, Markus"]
[Result "0-1"]
[Termination "normal"]
[Board "27"]
[WhiteElo "447"]
[BlackElo "1078"]
[PlyCount "48"]
[WhiteFideId "24622451"]
[EventCountry "GER"]
[EventRounds "11"]
[EventType "swiss"]
[EventDate "2000.06.03"]

1. Nf3 d5 2. g3 Nf6 3. Bg2 e6 4. d3 Nc6 5. Nbd2 Bb4 6. O-O O-O 7. a3 Bxd2 8.
Bxd2 b6 9. h4 Nd7 10. c4 dxc4 11. Nd4 Nxd4 12. Bxa8 Ba6 13. Bg2 cxd3 14. e3
Ne2+ 15. Kh2 Ne5 16. b3 c5 17. f4 Ng4+ 18. Kh3 h5 19. Qb1 Qd7 20. Qb2 e5 21. f5
Bb7 22. e4 Qe7 23. Qb1 f6 24. Qxd3 Ng1+ 0-1

[Event "DEM U12/U12w 2000"]
[Site "Überlingen GER"]
[Date "2000.06.05"]
[Round "4"]
[White "Aghadjanian, Aida"]
[Black "Kubernath, Max"]
[Result "1-0"]
[Termination "normal"]
[Board "28"]
[WhiteElo "1039"]
[BlackElo "572"]
[PlyCount "91"]
[EventCountry "GER"]
[EventRounds "11"]
[EventType "swiss"]
[EventDate "2000.06.03"]

1. e4 e5 2. Nf3 d6 3. d4 exd4 4. Nxd4 Nf6 5. Nc3 g6 6. Be3 Bg7 7. Be2 Bd7 8.
O-O O-O 9. Qd2 Bg4 10. Bxg4 Nxg4 11. Bg5 Bf6 12. Bxf6 Qxf6 13. Rfe1 Nd7 14. h3
Nge5 15. b3 c6 16. Qe3 Rfe8 17. Rad1 Nc5 18. Nf3 Nxf3+ 19. Qxf3 Qxf3 20. gxf3
Rad8 21. h4 f5 22. Kg2 b5 23. a3 a5 24. b4 axb4 25. axb4 Na4 26. Na2 Nb2 27.
Rd2 Nc4 28. Rde2 Ne5 29. exf5 gxf5 30. f4 Ra8 31. Nc1 Ra1 32. fxe5 Rxe5 33.
Rxe5 dxe5 34. Nd3 Rxe1 35. Nxe1 Kf7 36. Kg3 h6 37. Kf3 Ke6 38. c3 Kd5 39. Ke2
Kc4 40. Kd2 e4 41. Ng2 c5 42. bxc5 Kxc5 43. Nf4 Kd6 44. Nh5 Ke5 45. Ke3 Kd5 46.
Nf4+ 1-0

[Event "DEM U12/U12w 2000"]
[Site "Überlingen GER"]
[Date "2000.06.05"]
[Round "4"]
[White "Schneider, Christian"]
[Black "Garzinsky, Dominik"]
[Result "1-0"]
[Termination "normal"]
[Board "29"]
[WhiteElo "1028"]
[BlackElo "648"]
[PlyCount "37"]
[WhiteFideId "24613886"]
[EventCountry "GER"]
[EventRounds "11"]
[EventType "swiss"]
[EventDate "2000.06.03"]

1. d4 Nf6 2. c4 d5 3. e3 Bf5 4. Nc3 Nc6 5. Nf3 Nb4 6. Qa4+ Nc6 7. cxd5 Nxd5 8.
Bb5 Bd7 9. Nxd5 a6 10. Bd3 Nxd4 11. Qxd4 c6 12. Nf4 Qa5+ 13. Bd2 Qc7 14. O-O
O-O-O 15. Rfc1 Kb8 16. Nd5 Qc8 17. Ba5 Re8 18. Nb6 Qc7 19. Nxd7+ 1-0

[Event "DEM U12/U12w 2000"]
[Site "Überlingen GER"]
[Date "2000.06.05"]
[Round "4"]
[White "Becker, Nils"]
[Black "Mader, Michael"]
[Result "1-0"]
[Termination "normal"]
[Board "30"]
[WhiteElo "1178"]
[BlackElo "949"]
[PlyCount "111"]
[WhiteFideId "4695216"]
[BlackFideId "4696913"]
[EventCountry "GER"]
[EventRounds "11"]
[EventType "swiss"]
[EventDate "2000.06.03"]

1. e4 e5 2. Nf3 Nc6 3. Bc4 Nf6 4. d3 d6 5. c3 Be7 6. O-O O-O 7. Nbd2 Bg4 8. Re1
d5 9. exd5 Nxd5 10. Ne4 Nf6 11. Ng3 Bc5 12. h3 Bxf3 13. Qxf3 Re8 14. Bg5 Be7
15. Rad1 h6 16. Bxf6 Bxf6 17. Ne4 Na5 18. Nxf6+ Qxf6 19. Qxf6 gxf6 20. Bb5 c6
21. Ba4 b5 22. Bc2 c5 23. Kf1 Rac8 24. d4 Nc4 25. b3 Nb6 26. d5 Rcd8 27. Be4 f5
28. Bxf5 Nxd5 29. Rc1 Nc7 30. Red1 f6 31. Rxd8 Rxd8 32. Ke1 Nd5 33. Be6+ Kg7
34. Rd1 Nf4 35. Rxd8 Nxe6 36. Rd7+ Kg6 37. Rxa7 Nf4 38. Kf1 Nd5 39. c4 bxc4 40.
bxc4 f5 41. cxd5 f4 42. Rc7 e4 43. Rxc5 e3 44. fxe3 fxe3 45. Ke2 h5 46. Kxe3 h4
47. Kf4 Kf6 48. Rc6+ Ke7 49. Ke5 Kd7 50. Rh6 Kc7 51. d6+ Kd7 52. Rh7+ Kc6 53.
d7 Kc7 54. d8=Q+ Kxd8 55. Ke6 Kc8 56. Kd6 1-0

[Event "DEM U12/U12w 2000"]
[Site "Überlingen GER"]
[Date "2000.06.05"]
[Round "4"]
[White "Butschek, Tanja"]
[Black "Bräutigam, Thorben"]
[Result "1-0"]
[Termination "normal"]
[Board "31"]
[WhiteElo "932"]
[BlackElo "1123"]
[PlyCount "67"]
[WhiteFideId "24604640"]
[EventCountry "GER"]
[EventRounds "11"]
[EventType "swiss"]
[EventDate "2000.06.03"]

1. e4 e5 2. Nf3 Nc6 3. Bb5 Bc5 4. d3 d6 5. h3 Be6 6. Nc3 Nge7 7. O-O O-O 8. Ng5
h6 9. Nxe6 fxe6 10. Qg4 Nd4 11. Bxh6 g6 12. Bxf8 Qxf8 13. Ba4 a6 14. Bb3 Qf6
15. Kh1 Rf8 16. Ne2 Nxe2 17. Qxe2 d5 18. exd5 exd5 19. Qe4 c6 20. Rae1 Bd6 21.
d4 exd4 22. Qe6+ Kg7 23. Qd7 Bb4 24. Re6 Qf7 25. a3 Bc5 26. Rfe1 Re8 27. f3 b6
28. Bxd5 cxd5 29. b4 Bd6 30. Qxd6 Nf5 31. Qe5+ Kh6 32. Rxe8 g5 33. Qh8+ Kg6 34.
R8e6+ 1-0